| 000 | 00321nam a22001217a 4500 | ||
|---|---|---|---|
| 008 | 230704b xxu||||| |||| 00| 0 eng d | ||
| 082 |
_a338.967 _bROK |
||
| 110 | _bGOK | ||
| 245 |
_aKenya's reforms policies, plans and outcomes _bConsultative group Meeting |
||
| 260 |
_aParis _bGOK _c1991 |
||
| 300 | _a46p | ||
| 942 |
_2ddc _cBK |
||
| 999 |
_c3587 _d3587 |
||